| Поле | Инд. | ПП | Название | Значение |
|---|---|---|---|---|
| Тип записи | a | |||
| Библиографический уровень | b | |||
| 001 | Контрольный номер | UNIDUBNAc7ba6937130540eb8c76204269bd8576 | ||
| 005 | Дата корректировки | 20230130143458.2 | ||
| 008 | Кодируемые данные | 20170331 | ||
| 040 | b | Код языка каталог. | rus | |
| e | Правила каталог. | PSBO | ||
| 041 | 0_ | a | Код языка текста | rus |
| 084 | a | Индекс другой классификации/Индекс ББК | 67.401.124 | |
| 100 | 1_ | a | Автор | Попова Н. Ф. |
| q | Полное имя | Попова Наталия Фёдоровна | ||
| 245 | 10 | a | Заглавие | Меры административного принуждения, применяемые для обеспечения санитарно-эпидемиологического благополучия населения |
| 520 | 0_ | a | Аннотация | В статье проведен анализ нормативных правовых актов, регулирующих обеспечение санитарно-эпидемиологического благополучия (СЭБ) человека в условиях пандемии коронавируса. Рассмотрена практика применения мер административного пресечения и наказания в данной чрезвычайной ситуации. Выявлены существующие пробелы в законодательстве в области обеспечения СЭБ человека. Автором подчеркивается, что в соответствии с Конституцией РФ временное ограничение прав и свобод граждан в условиях пандемии может устанавливаться только федеральными законами, а не подзаконными актами. Для выполнения данного конституционного предписания предлагается федеральный закон дополнить нормами, устанавливающими запреты и ограничения для граждан и организаций при возникновении чрезвычайных ситуаций (ЧС) биолого-социального характера, а также расширить перечень прав и обязанностей граждан в этих условиях в соответствии с Постановлением Правительства РФ от 2 апреля 2020 г. № 417, в котором установлены правила поведения в ЧС, расширить понятийный аппарат в области обеспечения СЭБ населения, включив в него определение таких понятий, как «изоляция», «самоизоляция», «домашний режим», на законодательном уровне и т.д. |
| 650 | 14 | a | Основная рубрика | административное право |
| a | Основная рубрика | право | ||
| 653 | 0_ | a | Ключевые слова | коронавирус CoViD-19 |
| a | Ключевые слова | меры административного наказания | ||
| a | Ключевые слова | меры административного предупреждения | ||
| a | Ключевые слова | меры административного пресечения | ||
| a | Ключевые слова | пандемия | ||
| a | Ключевые слова | режим самоизоляции | ||
| a | Ключевые слова | санитарно-эпидемиологическая обстановка | ||
| a | Ключевые слова | санитарно-эпидемиологический надзор | ||
| a | Ключевые слова | санитарно-эпидемиологическое благополучие | ||
| a | Ключевые слова | управление здравоохранением | ||
| a | Ключевые слова | чрезвычайные ситуации биолого-социального характера | ||
| 773 | 08 | t | Заглавие источника | Российская юстиция |
| d | Дата издания источника | 2021 | ||
| g | Прочая информация | № 3. - С. 16 - 19 | ||
| w | Контрольный № источника | b885f12bde384f57bfa824b25e31dd75 | ||
| 901 | t | Тип документа | b |